Čokoládový průkopník
Krátka história vzniku svetoznámeho podniku Ritter Sport na výrobu čokolády v Nemecku. Založenie rodinnej firmy. Vznik typickej štvorcovej čokolády v r. 1932. Šírenie popularity čokolády americkými vojakmi. Reklama na zdravú, jogurtovú variantu čokolády. Stagnácia predaja v 80. rokoch. Využívanie ob...
Saved in:
| Main Author: | |
|---|---|
| Format: | Book Chapter |
| Language: | Czech |
| Subjects: | |
| Tags: |
No Tags, Be the first to tag this record!
|
MARC
| LEADER | 00000naa a2200000 4500 | ||
|---|---|---|---|
| 001 | 0165255 | ||
| 005 | 20231019100619.8 | ||
| 041 | 0 | |a cze | |
| 044 | |a CZ | ||
| 245 | 1 | 0 | |a Čokoládový průkopník |c Jitka Vlková |
| 520 | |a Krátka história vzniku svetoznámeho podniku Ritter Sport na výrobu čokolády v Nemecku. Založenie rodinnej firmy. Vznik typickej štvorcovej čokolády v r. 1932. Šírenie popularity čokolády americkými vojakmi. Reklama na zdravú, jogurtovú variantu čokolády. Stagnácia predaja v 80. rokoch. Využívanie obnoviteľných zdrojov energie pri výrobe. | ||
| 610 | 2 | 0 | |a čokoláda |
| 610 | 2 | 0 | |a firmy |
| 610 | 2 | 0 | |a podnikanie |
| 610 | 2 | 0 | |a výroba |
| 610 | 2 | 0 | |a Nemecko |
| 100 | 1 | |a Vlková, Jitka | |